Rugby Union - World Cup Final Standings - Statistics

General Stats
  • This quiz has been taken 128 times
  • The average score is 22 of 25
Answer Stats
Hint Answer % Correct
Australia
100%
Europe England
100%
France
100%
Oceania New Zealand
100%
Samoa
100%
Scotland
100%
Africa South Africa
100%
United States
100%
Wales
100%
Fiji
99%
Ireland
99%
Americas Argentina
98%
Asia Japan
98%
Canada
96%
Italy
96%
Tonga
96%
Georgia
84%
Portugal
81%
Spain
80%
Romania
79%
Russia
79%
Namibia
76%
Uruguay
74%
Zimbabwe
50%
Côte d'Ivoire
39%
No matching quizzes found
Score Distribution
Percent of People with Each Score
Percentile by Number Answered
Your Score History
You have not taken this quiz